000 00778nam a2200217 a 4500
005 20240925064944.0
008 030815s1995 ag r 000 0 spa d
020 _a9508080566
035 _aUPN01000127972
049 _aCG
050 4 _aLA547
_bD5.7
245 0 3 _aLa disyuntiva de enseñar o esperar que el niño aprenda :
_bciencias naturales, ciencias sociales, matemáticas y lengua en la E.G.B. /
_cFernando Avendaño ... [et al.].
260 _aRosario, Arg. :
_bHomo Sapiens,
_c1995.
300 _a191 p.
440 0 _aEducacion
650 4 _aEDUCACION -
_xINVESTIGACION -
_zARGENTINA
_917004
650 4 _aPsicología del aprendizaje
_95221
650 2 _aConstructivismo (Educación)
_91516
700 1 _aAvendaño, Fernando Carlos,
_ecoaut.
_931701
905 _aLibro
999 _c100151
_d100151